Environmental biotechnology: A new approach (Record no. 34126)

MARC details
000 -LEADER
fixed length control field 00515nam a2200169Ia 4500
008 - FIXED-LENGTH DATA ELEMENTS--GENERAL INFORMATION
fixed length control field 230917s9999||||xx |||||||||||||| ||und||
020 ## - ISBN
Price RS2295
040 ## - CATALOGING SOURCE
-- 254596
Original cataloging agency VIVEKANANDA LIBRARY
041 ## - Language
-- English
082 ## - DDC NUMBER
Classification number 660.60243637 G959E
100 ## - MAIN ENTRY--PERSONAL NAME
Personal name Gupta, Ranjan Kumar, ed.
245 #0 - TITLE STATEMENT
Title Environmental biotechnology: A new approach
260 ## - PUBLICATION, DISTRIBUTION, ETC. (IMPRINT)
Place of publication, distribution, etc New Delhi
Name of publisher, distributor, etc Daya Publishing House
Date of publication, distribution, etc 2016
300 ## - PHYSICAL DESCRIPTION
Pages xv, 398 p.
500 ## - GENERAL NOTE
General note 4026 05/02/2020 IBS19/271 27/02/2019 Biotechnology UGC SAP( Dr. A K Chhillar)
942 ## - ADDED ENTRY ELEMENTS (KOHA)
Koha item type Books
Holdings
Withdrawn status Lost status Damaged status Not for loan Location (home branch) Sublocation or collection (holding branch) Date acquired Koha issues (times borrowed) Koha full call number Accession No. Koha date last seen Koha item type
        VIVEKANANDA LIBRARY VIVEKANANDA LIBRARY 25/03/2019   660.60243637 G959E 382729 17/09/2023 Books
© Designed and Maintained by Vivekananda Library, MDU Rohtak